God's will for your life. (Record no. 12573)

000 -LEADER
fixed length control field 00560nam a2200193 a 4500
001 - CONTROL NUMBER
control field :::00010380$&:&@@
003 - CONTROL NUMBER IDENTIFIER
control field OkBaRHE
005 - DATE AND TIME OF LATEST TRANSACTION
control field 20000607103358.0
008 - FIXED-LENGTH DATA ELEMENTS--GENERAL INFORMATION
fixed length control field s1946 j 000 0 eng u
040 ## - CATALOGING SOURCE
Transcribing agency
100 1# - MAIN ENTRY--PERSONAL NAME
Personal name Coder, S. Maxwell.
245 10 - TITLE STATEMENT
Title God's will for your life.
260 ## - PUBLICATION, DISTRIBUTION, ETC. (IMPRINT)
Place of publication, distribution, etc Chicago, IL., :
Name of publisher, distributor, etc Moody Bible Institute
Date of publication, distribution, etc c1946
300 ## - PHYSICAL DESCRIPTION
Extent 123 p. ;
Dimensions 18 cm.
650 ## - SUBJECT ADDED ENTRY--TOPICAL TERM
Topical term or geographic name as entry element Christian Life
650 ## - SUBJECT ADDED ENTRY--TOPICAL TERM
Topical term or geographic name as entry element God Will
942 ## - ADDED ENTRY ELEMENTS (KOHA)
Source of classification or shelving scheme
Koha item type Books
Copies
Lost status Withdrawn status Not for loan Source of classification or shelving scheme Permanent Location Date acquired Copy number Shelving location Full call number Barcode Date last seen Damaged status Price effective from Koha item type
    RHEMA Bible Training College2010-04-141General StacksBV 4501 .C7103802010-04-14 2010-04-14Books